Govt. of
Madhya Pradesh

Normal view MARC view

Entry Personal Name

Number of records used in: 1

001 - CONTROL NUMBER

  • control field: 7187

003 - CONTROL NUMBER IDENTIFIER

  • control field: OSt

005 - DATE AND TIME OF LATEST TRANSACTION

  • control field: 20150823160337.0

008 - FIXED-LENGTH DATA ELEMENTS

  • fixed length control field: 150823|| aca||aabn | a|a d

040 ## - CATALOGING SOURCE

  • Original cataloging agency: OSt
  • Transcribing agency: OSt

100 ## - HEADING--PERSONAL NAME

  • Personal name: Fergusson, James

670 ## - SOURCE DATA FOUND

  • Source citation: Work cat.: (OSt)1149: Fergusson, James, History of Indian And Eastern Architecture, 1998